Change of Heart Quiz Stats

 Plays Quiz Updated Dec 23, 2016

Support Sporcle.
Go Orange.
Score 0/20 Timer 04:00
2 Plays Today
Hint Answer % Correct
Family of fruit that includes lemons and limes > Last name of actors Tony and Jamie LeeCITRUS > CURTIS
93.7%
Christmas hymn > What the Great Barrier Reef is made ofCAROL > CORAL
93.4%
Person ringing on the phone > Room under a houseCALLER > CELLAR
93.2%
Glide over ice on blades > A wooden or metal post with a point at one endSKATE > STAKE
89.5%
Money levied to pay for public services > The Lone Star stateTAXES > TEXAS
88.8%
Bend out of shape > Cover up, like a Christmas presentWARP > WRAP
88.5%
Shoot from a hidden position > BackboneSNIPE > SPINE
88.3%
Ooze or gunge > Happy faceSLIME > SMILE
87.3%
Mexican money > Sits for an artistPESOS > POSES
84.9%
An animal's or villian's hideout > Teller of tall talesLAIR > LIAR
83.2%
Hint Answer % Correct
Slumbered > Ancient kind of wheat sometimes called hulled wheatSLEPT > SPELT
82.3%
Male voice higher than a baritone > Powder in printersTENOR > TONER
80.6%
Patron saint of Paris > Eats a meal at a restaurantDENIS > DINES
78.6%
Member of the clergy > Fictional barbarianCANON > CONAN
71%
Dwelling or home > Clay brickABODE > ADOBE
69.7%
Clothing or costume > Snatch or take hurriedlyGARB > GRAB
69.4%
Person who packs your groceries > MendicantBAGGER > BEGGAR
68.7%
British diver Tom > Cause to be lateDALEY > DELAY
63.9%
Sticky secretion from a tree > Having woken up or gotten up from kneelingRESIN > RISEN
50.2%
Keep watch by walking around an area > Gateway or entrancePATROL > PORTAL
47.4%

You're not logged in!

Compare scores with friends on all Sporcle quizzes.
OR
Log In
Forgot?

From the Vault

Lyrics by The Simpsons

by Pushcake

Homer and Marge come up with parody lyrics that would make Weird Al proud.
Remove Ads.
Support Sporcle.
Get the best of Sporcle when you Go Orange. This ad-free experience offers more features, more stats, and more fun while also helping to support Sporcle. Thank you for becoming a member.

Show Comments

Extras

Top Quizzes Today


Score Distribution

Your Account Isn't Verified!

In order to create a playlist on Sporcle, you need to verify the email address you used during registration. Go to your Sporcle Settings to finish the process.

Report this User

Report this user for behavior that violates our Community Guidelines.

Details: